00644nam a2200193Ia 4500008004100000020001400041082001600055100002900071245004200100250000700142260004500149300003000194500001900224600002100243650005000264942000700314952011400321999001500435240925s9999 xx 000 0 und d a136438261 a005.758 OPE aOpen Software Foundation 0aOSP DCE Application Development Guide aNA aNew Jersey:bPrintice- Hall Int.c,1993. axxiii,312p.bNAfOriginal aIncludes Index aComputer Science aComputer science, information & general works cBK 001040708CSaUITUbUITUd2000-07-28eNAg45.00l0o005.758 OPEpQ2487r2024-09-25 07:12:49w2024-09-25yBK c4986d4986